000 00613nam a2200241 a 4500
001 nice12345678
003 IN_TiNIC
005 20260116013406.0
008 070802s1993 mada grp 000 0 eng
020 _a
_c40
082 0 0 _a275.4
_bAPP1
100 _aAppasamy, A J
245 _aA.J. Appasamy Speaks to the Indian Church
260 _aMadras
_bChristian Literature Society
_c1993
300 _a184p
500 _aincludes index and biblioraphy
650 _aChristian Theology-India
650 _aChurch-India
700 1 _aAppasamy, A J
902 _bSRS
942 _cBK
999 _c10828
_d10828